000 00400nam a2200181Ia 4500
005 20250425161203.0
008 250425s9999 xx 000 0 und d
041 _aspa
082 _a620.85
110 _aINSTITUTO CUBANO DEL LIBRO
245 0 _aHIGIENE DEL MEDIO
250 _a1A ED.
260 _aEspaƱa
_bICLI
_c1974
260 _aS.L.
300 _a502
942 _c01
010 _a14638
999 _c204157
_d204157